000
00334nam a2200133Ia 4500
003
GCL
008
140319s9999 xx 000 0 ara d
040
_a
GCL /
_c
GCL
082
0
4
_a
923.2
_b
ا ج
245
1
0
_a
حقيقتى
260
_a
[S.N] :
_b
دار الوحدة للطباعة والنشر ،
_c
1986
300
_a
247 ص
490
_a
999
_c
34945
_d
34945